Great Violin Concertos (The) (Record n. 99584)

Dettagli MARC
000 -LEADER
fixed length control field 02008njm a2200409Ia 4500
001 - CONTROL NUMBER
control field F0630
003 - CONTROL NUMBER IDENTIFIER
control field IT-RoPAU
005 - DATE AND TIME OF LATEST TRANSACTION
control field 20220918181118.0
008 - FIXED-LENGTH DATA ELEMENTS--GENERAL INFORMATION
fixed length control field 131025s9999 xx 000 0 und d
040 ## - CATALOGING SOURCE
Original cataloging agency IT-RoPAU
040 ## - CATALOGING SOURCE
Transcribing agency IT-RoPAU
999 ## - SYSTEM CONTROL NUMBERS (KOHA)
Koha Dewey Subclass [OBSOLETE] n.d.
100 ## - MAIN ENTRY--PERSONAL NAME
Personal name AA.VV.
9 (RLIN) 794
100 ## - MAIN ENTRY--PERSONAL NAME
Relator term Autore musica
9 (RLIN) 32267
100 ## - MAIN ENTRY--PERSONAL NAME
Miscellaneous information Codice autore musica SPICS: 12000
9 (RLIN) 796
245 ## - TITLE STATEMENT
Title Great Violin Concertos (The)
250 ## - EDITION STATEMENT
Edition statement 1a ed.
260 ## - PUBLICATION, DISTRIBUTION, ETC. (IMPRINT)
Place of publication, distribution, etc. ENGLAND
260 ## - PUBLICATION, DISTRIBUTION, ETC. (IMPRINT)
Name of publisher, distributor, etc. EMI RECORDS
Date of publication, distribution, etc. 1959 [1a Ed.:1959]
300 ## - PHYSICAL DESCRIPTION
Extent DISCO
300 ## - PHYSICAL DESCRIPTION
Dimensions (Testo: 8 pag.)
500 ## - GENERAL NOTE
General note Musica classica.
505 ## - FORMATTED CONTENTS NOTE
Formatted contents note Concerto n. 3 in g K 216 - Sinfonia concertante in e flat major K 364 - Violin concerto in d major, op. 61 - Violin concerto in e minor, op. 64 - Violin concerto n. 1 in g minor, op. 26 - Violin concerto in d major, op. 77
511 ## - PARTICIPANT OR PERFORMER NOTE
Participant or performer note Bath Festival Chamber Orchestra
511 ## - PARTICIPANT OR PERFORMER NOTE
Participant or performer note Vienna Philharmonic Orchestra diretta da Silvestri Constantin
511 ## - PARTICIPANT OR PERFORMER NOTE
Participant or performer note Philharmonia Orchestra diretta da Kurtz Efrem
511 ## - PARTICIPANT OR PERFORMER NOTE
Participant or performer note Philharmonia Orchestra diretta da Susskind Walter
511 ## - PARTICIPANT OR PERFORMER NOTE
Participant or performer note Berlin Philharmonic Orchestra diretta da Kempe Rudolf
650 ## - SUBJECT ADDED ENTRY--TOPICAL TERM
Topical term or geographic name as entry element CLASSICA [DISCHI]
Relator term Codice MATERIA SPICS: 9950
9 (RLIN) 1157
700 ## - ADDED ENTRY--PERSONAL NAME
Personal name Menuhin Yehudi
Miscellaneous information Codice interprete SPICS: 1820
Relator term Interprete
9 (RLIN) 32268
700 ## - ADDED ENTRY--PERSONAL NAME
Personal name Mozart Wolfgang Amadeus
Miscellaneous information Codice autore musica SPICS: 3486
Relator term Autore musica
Name of part/section of a work Concerto n. 3 in g K 216 - Sinfonia concertante in e flat major K 364
9 (RLIN) 32269
700 ## - ADDED ENTRY--PERSONAL NAME
Personal name Beethoven Ludwig Van
Miscellaneous information Codice autore musica SPICS: 10721
Relator term Autore musica
Name of part/section of a work Violin concerto in d major, op. 61
9 (RLIN) 32270
700 ## - ADDED ENTRY--PERSONAL NAME
Personal name Mendelssohn Felix
Miscellaneous information Codice autore musica SPICS: 3873
Relator term Autore musica
Name of part/section of a work Violin concerto in e minor, op. 64
9 (RLIN) 32271
700 ## - ADDED ENTRY--PERSONAL NAME
Personal name Bruch Max
Miscellaneous information Codice autore musica SPICS: 14460
Relator term Autore musica
Name of part/section of a work Violin concerto n. 1 in g minor, op. 26
9 (RLIN) 32272
700 ## - ADDED ENTRY--PERSONAL NAME
Personal name Brahms Johannes
Miscellaneous information Codice autore musica SPICS: 8867
Relator term Autore musica
Name of part/section of a work Violin concerto in d major, op. 77
9 (RLIN) 32273
942 ## - ADDED ENTRY ELEMENTS (KOHA)
Koha item type DISCHI
Source of classification or shelving scheme Dewey Decimal Classification
Dati di copia
Withdrawn status Lost status Damaged status Not for loan Home library Current library Date acquired Total Checkouts Full call number Date last seen Price effective from Koha item type Public note
    Buone Condizioni Not For Loan SPICS-MEDIATECA SPICS-MEDIATECA 25/10/2013   F0630 25/10/2013 25/10/2013 DISCHI Progr. Ins.: 3211 / N.Vol.: 4 / Copie: 1 - Copia rara: n.d. / date import: 01.01.2014 - By Epidotti, Trombetti, Vaglietti
CREDITS: SOCIETA' SAN PAOLO Via A.Severo, 58 - ROMA (RM) & PERIODICI SAN PAOLO SRL Via Giotto, 36 MILANO & CISF Via Giotto, 36 MILANO & EDIZIONI SAN PAOLO SRL,  Piazza Soncino, 5 CINISELLO BALSAMO (MI) -- ITALY